000
00250nam a2200109Ia 4500
008
190912s9999||||xx |||||||||||||| ||und||
100
_a
Robert,Blitzer
245
0
_a
Collage Algebra
260
_a
America
_b
Prentice
_c
2001
300
_a
859
942
_c
BK
999
_c
7148
_d
7148